Biological Roles of Protein Phosphorylation / (Record no. 1016)
[ view plain ]
| 000 -LEADER | |
|---|---|
| fixed length control field | 00465nam a2200145Ia 4500 |
| 020 ## - INTERNATIONAL STANDARD BOOK NUMBER | |
| International Standard Book Number | 0854032126 |
| 082 ## - DEWEY DECIMAL CLASSIFICATION NUMBER | |
| Classification number | 574.192 |
| Author Mark | PER |
| 100 ## - MAIN ENTRY--PERSONAL NAME | |
| Author Name | Perry, S. V. (ed) |
| 245 #0 - TITLE STATEMENT | |
| Title | Biological Roles of Protein Phosphorylation / |
| 260 ## - PUBLICATION, DISTRIBUTION, ETC. | |
| Place of publication, distribution, etc. | London |
| Name of publisher, distributor, etc. | The Royal Society |
| Date of publication, distribution, etc. | 1983 |
| 300 ## - PHYSICAL DESCRIPTION | |
| No of Pages | 166 |
| illustrations | ILL |
| Dimensions | 29CM |
| 650 ## - SUBJECT ADDED ENTRY--TOPICAL TERM | |
| Subject | Proteins.Biochemistry.Phosphorylation. |
| Keywords | E.G.KREBS. P. cohen. S.V. perry F.R.S |
| 942 ## - ADDED ENTRY ELEMENTS (KOHA) | |
| Koha item type | Books |
| Source of classification or shelving scheme | |
| Item status | Home library | Current library | Shelving location | Date acquired | Total Checkouts | Full call number | Barcode | Date last seen | Koha item type |
|---|---|---|---|---|---|---|---|---|---|
| Islamabad Medical and Dental College | Islamabad Medical and Dental College | Islamabad Medical and Dental College | 16/03/2018 | 574.192 PER | 1180 | 16/03/2018 | Books |
